|
|
|
|
| LEADER |
00000nam0a2200000 4500 |
| 001 |
164933 |
| 005 |
20231101222522.0 |
| 010 |
|
|
|a 9785060059816
|
| 035 |
|
|
|a (RuTPU)RU\TPU\book\178929
|
| 090 |
|
|
|a 164933
|
| 100 |
|
|
|a 20090911d2009 km y0rusy50 ca
|
| 101 |
0 |
|
|a rus
|
| 102 |
|
|
|a RU
|
| 105 |
|
|
|a a g 001zy
|
| 200 |
1 |
|
|a Концепции современного естествознания
|e справочное пособие
|f П. Н. Белкин, С. Ю. Шадрин
|
| 210 |
|
|
|a Москва
|c Высшая школа
|d 2009
|
| 215 |
|
|
|a 167 с.
|c ил.
|
| 225 |
1 |
|
|a Для высших учебных заведений. Естественные науки
|
| 320 |
|
|
|a Библиогр.: с. 157-158.
|
| 320 |
|
|
|a Предметный указатель: с. 159-165.
|
| 330 |
|
|
|a Учебное пособие предназначено для подготовки студентов к интернет-экзамену по дисциплине «Концепции современного естествознания». Приведены определения используемых терминов, основных законов природы, а также краткие сведения об объектах микро-, макро- и мегамира, в том числе о живых системах и человеческом обществе. Для студентов, обучающихся по гуманитарным и экономическим специальностям, аспирантов и преподавателей высших учебных заведений и всех интересующихся данной проблематикой.
|
| 606 |
1 |
|
|a Естествознание
|x Концептуальные основы
|2 stltpush
|3 (RuTPU)RU\TPU\subj\67376
|9 83201
|
| 610 |
1 |
|
|a концепции
|
| 610 |
1 |
|
|a наука
|
| 610 |
1 |
|
|a культура
|
| 610 |
1 |
|
|a природа
|
| 610 |
1 |
|
|a порядок
|
| 610 |
1 |
|
|a беспорядок
|
| 610 |
1 |
|
|a химия
|
| 610 |
1 |
|
|a геология
|
| 610 |
1 |
|
|a материя
|
| 610 |
1 |
|
|a биологический уровень
|
| 610 |
1 |
|
|a человек
|
| 610 |
1 |
|
|a учебные пособия
|
| 610 |
1 |
|
|a справочные пособия
|
| 675 |
|
|
|a 50(075.8)(035)
|v 3
|
| 700 |
|
1 |
|a Белкин
|b П. Н.
|g Павел Николаевич
|
| 701 |
|
1 |
|a Шадрин
|b С. Ю.
|g Сергей Юрьевич
|
| 801 |
|
1 |
|a RU
|b 63413507
|c 20090911
|
| 801 |
|
2 |
|a RU
|b 63413507
|c 20150422
|g RCR
|
| 900 |
|
|
|a Концепции современного естествознания
|
| 942 |
|
|
|c BK
|
| 959 |
|
|
|a 93/20090911
|d 2
|e 231,00
|f АНЛ:1
|f ЧЗТЛ:1
|